1396 1526 1945 1751 1129 1533 1016 1796 1295 1859 1134 1689 1902 1953 1682 1606 1824 1130 1358 1160 1652 1888 1266 1619 1604 1814 1378 1180 1539 1581 1275 1299 1318 1868 1310 1164 1720 1630 1736 1548 1727 1078 1865 1384 1390 1625 1153 1765 1353 1148 1659 1625 1364 1365 1504 1439 1275 1336 1777 1543 1686 1833 1090 1311 1229 1107 1771 1268 1988 1234 1547 1723 1191 1962 1779 1134 1671 1304 1564 1205 1073 1682 1045 1980 1584 1525 1888 1954 1305 1046 1418 1549 1147 1852 1468 1505 1370 1387 1137 BCNSPRNW ULIB Ver.6.0+V

เปลี่ยนเป็นภาษาไทย

Change to English
 แสดงรายละเอียดบรรณานุกรม
  กลับหน้าหลัก

Brief Record : Get Marc (ISO 2709) : E-mail record : QR code < ปิดหน้าต่าง
LEADER : 00000nam 2200000uu 4500
001    13399114960
003     ULIB
008    110627s2551||||th 000 0 tha d
020    9789741685059
090    นว.^bศ439อ
100 0  ศิราวินนี่
245 00 อัศวินความฝัน/^cศิราวินนี่
250    พิมพ์ครั้งที่ 1
260    กรุงเทพฯ :^bมธุรดา,^c2551
300    256 หน้า
710 1  มธุรดา
945    ^p179^l0^i026035
995    ทศพร
999 ^a ใช้งานได้ทุกระบบ
รายการนี้ยังไม่มีแท็ก
คุณยังไม่ได้ล็อกอิน คุณสามารถมีกิจกรรมร่วมกับเว็บไซต์ได้ แต่ต้องล็อกอินก่อน ::
  ล็อกอิน

รายการสื่อสารสนเทศ

ลำดับที่ ประเภท เลขเรียก/บาร์โค้ด สถานที่ สถานะ
1. นวนิยาย
นวนิยาย
นว. ศ439อ ฉ.1 
  Barcode: 026035
ห้องสมุดวิทยาเขตสวรรค์ประชารักษ์
►นวนิยาย
บนชั้น
  ขอยืม

BibComment


ยังไม่เคยถูกคอมเมนท์

คอมเมนท์ทรัพยากรรายการนี้
  คอมเมนท์: อัศวินความฝัน ศิร..


 Copyright 2026. Bcnsprnw @Library